000 00710nam a2200217 a 4500
001 BRCA_7904
005 20190320210039.0
008 170214s1873----fr-a######---#000-0#fre-#
041 _afre
044 _afr
050 4 _aNK3780
_b.J33 1873
100 1 _aJacquemart, Albert
_919550
245 1 0 _aHistoire de la ceramique
_cetude descriptive et raisonnee despoteries de tous les temps et de tous les peuples par Albert Jacquemart ; planches gravees a l´eauforte par Jules Jacquemart.
260 _aParís
_bHachette
_c1873
300 _a750 p.
_bil., 12 láminas
_c27 cm.
500 _aY183
650 1 4 _aCerámica
_xHistoria
_91463
700 1 _aJacquemart, Jules
_919551
902 _aGFM
942 _2lcc
_cB
999 _c7576
_d7576